नल - दमयंती स्वयंवर (Record no. 461950)

MARC details
000 -LEADER
fixed length control field 00528nam a2200145Ia 4500
008 - FIXED-LENGTH DATA ELEMENTS--GENERAL INFORMATION
fixed length control field 100204s9999 xx 000 0 und d
082 ## - DEWEY DECIMAL CLASSIFICATION NUMBER
Item number 17527
100 ## - MAIN ENTRY--PERSONAL NAME
Personal name भिडे श्री. र.
245 ## - TITLE STATEMENT
Title नल - दमयंती स्वयंवर
260 ## - PUBLICATION, DISTRIBUTION, ETC. (IMPRINT)
Name of publisher, distributor, etc "सौमय्याा पब्लिकेशन्स , मुंबई"
Date of publication, distribution, etc 1971
300 ## - PHYSICAL DESCRIPTION
Extent 140
630 ## - SUBJECT ADDED ENTRY--UNIFORM TITLE
Uniform title नल - दमयंती स्वयंवर
730 ## - ADDED ENTRY--UNIFORM TITLE
Uniform title नल - दमयंती स्वयंवर
942 ## - ADDED ENTRY ELEMENTS (KOHA)
Koha item type Book
Holdings
Withdrawn status Lost status Damaged status Not for loan Home library Current library Date acquired Cost, normal purchase price Total Checkouts Full call number Barcode Date last seen Cost, replacement price Price effective from Koha item type
        N. C. Kelkar Sarvajanik Library, Mulund N. C. Kelkar Sarvajanik Library, Mulund 02/04/2010 6.00   17527 NCKMULUND-17527 02/04/2010 6.00 02/04/2010 Book